000 01030nam a22003377a 4500
001 BR2012004881
003 BR-BrBNA
005 20230928104021.0
007 ta
008 230509b bl.||||| |||| 00| 0 por d
040 _aBR-BrBNA
_bpor
_cBiblioteca Nacional de Agricultura
041 _a(Por)
072 _aJ10
_b0810
_b1850
_b3575
090 _ 0810 BR2012004881
100 1 _aLira, J.M.S.
110 1 _aUniversidade Federal de Lavras, MG (Brasil)
_0Tese (Mestrado)
245 1 _aTolerância cruzada em sementes osmocondicionadas de melão (Cucumis melon L.)e tomate (Lycopersicun esculentum Mill.)
260 3 _aLavras, MG (Brasil):
_c2012.
300 _a108 p.
500 _aSummaries (Eng, Por); Several bibliography; 19 illus.
650 _aMELÃO
650 _aCUCUMIS MELO
650 _aTOMATE
650 _aLYCOPERSICUM ESCULENTUM
650 _aSEMENTE
650 _aSECAGEM
650 _aENVELHECIMENTO PRECOCE
650 _aARMAZENAMENTO
909 _a202309
_bLucia
_c55
_dLucia Elande
942 _cBK
999 _c77710
_d77710